Νομοί Ελλάδας - Statistics

General Stats
  • This quiz has been taken 298 times
  • The average score is 37 of 51
Answer Stats
Hint Answer % Correct
5. Αττικής
95%
19. Θεσσαλονίκης
91%
17. Ηρακλείου
86%
50. Χανίων
85%
11. Έβρου
83%
20. Ιωαννίνων
82%
41. Ρεθύμνου
82%
29. Κυκλάδων
80%
37. Ξάνθης
80%
21. Καβάλας
79%
24. Κέρκυρας
79%
31. Λαρίσης
77%
49. Χαλκιδικής
77%
1. Αιτωλοακαρνανίας
76%
32. Λασιθίου
76%
35. Μαγνησίας
76%
6. Αχαϊας
74%
9. Δράμας
74%
12. Ευβοίας
74%
42. Ροδόπης
74%
36. Μεσσηνίας
73%
44. Σερρών
73%
45. Τρικάλων
73%
47. Φλωρίνης
71%
13. Ευρυτανίας
70%
14. Ζακύνθου
70%
16. Ημαθίας
70%
27. Κοζάνης
70%
30. Λακωνίας
70%
4. Άρτας
69%
23. Καστοριάς
69%
26. Κιλκίς
69%
7. Βοιωτίας
68%
33. Λέσβου
68%
39. Πιερίας
68%
51. Χίου
68%
3. Αρκαδίας
67%
8. Γρεβενών
67%
15. Ηλείας
67%
2. Αργολίδος
66%
38. Πέλλας
66%
46. Φθιώτιδας
66%
10. Δωδεκανήσου
65%
18. Θεσπρωτίας
65%
22. Καρδίτσας
65%
28. Κορινθίας
65%
40. Πρεβέζης
62%
25. Κεφαλληνίας
61%
34. Λευκάδος
61%
48. Φωκίδας
61%
43. Σάμου
60%
No matching quizzes found
Score Distribution
Percent of People with Each Score
Percentile by Number Answered
Your Score History
You have not taken this quiz